000 00597nam a2200181Ia 4500
008 100917s9999 xx 000 0 und d
082 _b12225
100 _aशहा रतनलाल डी.
245 _aदेशोदेशीच्या प्रणयकथा
260 _bवसुंधरा प्रकाशन
_c1973
300 _a197
365 _b10
520 _aकथा
630 _aदेशोदेशीच्या प्रणयकथा
650 _aकथा
730 _aदेशोदेशीच्या प्रणयकथा
942 _cBOOK
999 _c617619
_d617616